[Event "Ramat Gan Dov Porat Blitz op"]
[Site "Ramat Gan"]
[Date "2024.11.01"]
[Round "2"]
[White "Sokolovsky, Yahli"]
[Black "Svoisky, Daniel"]
[Result "1-0"]
[WhiteElo "2516"]
[BlackElo "2234"]
[PlyCount "105"]
[EventDate "2024.11.01"]
[EventType "swiss (blitz)"]
[EventRounds "11"]
[EventCountry "ISR"]
[SourceTitle "CB45_2024"]
[Source "ChessBase"]
[SourceDate "2024.11.06"]
[SourceVersion "1"]
[SourceVersionDate "2024.11.06"]
[SourceQuality "1"]

1. e4 c5 2. Nf3 Nc6 3. Bb5 g6 4. 0-0 Bg7 5. Re1 e5 6. Bxc6 dxc6 7. d3 Qe7 8. Nbd2 Nf6 9. Nc4 Nd7 10. a4 Nf8 11. a5 Bg4 12. h3 Bxf3 13. Qxf3 Ne6 14. Be3 0-0 15. Qg3 Nd4 16. Bxd4 cxd4 17. f4 exf4 18. Qxf4 Rae8 19. Rf1 Be5 20. Qg4 Bc7 21. Rae1 Qe6 22. Qg5 Kg7 23. g4 b5 24. axb6 axb6 25. Nd2 Qe5 26. Qxe5+ Bxe5 27. Ra1 Ra8 28. Nf3 Bf4 29. Kg2 Be3 30. Ne5 Rxa1 31. Rxa1 f5 32. Ra7+ Kg8 33. gxf5 gxf5 34. Nd7 Rf7 35. e5 f4 36. Kf3 Kg7 37. Rc7 Re7 38. e6 c5 39. Rc6 Kg6 40. Nxb6 Kf5 41. Rxc5+ Kxe6 42. Nc4 Rg7 43. Re5+ Kf6 44. Ke4 Rg2 45. c3 Rh2 46. cxd4 Bc1 47. b4 Rxh3 48. b5 f3 49. Rf5+ Ke6 50. d5+ Kd7 51. Rf7+ Ke8 52. Rxf3 Rh4+ 53. Ke5 1-0

[Event "ISR-ch"]
[Site "Acre"]
[Date "2013.04.11"]
[Round "6"]
[White "Svoisky, Daniel"]
[Black "Boruchovsky, Avital"]
[Result "1/2-1/2"]
[WhiteElo "2227"]
[BlackElo "2445"]
[PlyCount "53"]
[EventDate "2013.04.06"]
[EventType "swiss"]
[EventRounds "9"]
[EventCountry "ISR"]
[SourceTitle "CBM 153 Extra"]
[Source "ChessBase"]
[SourceDate "2013.04.22"]
[SourceVersion "1"]
[SourceVersionDate "2013.04.22"]
[SourceQuality "1"]

1. e4 c5 2. Nf3 d6 3. d4 cxd4 4. Nxd4 Nf6 5. Nc3 Nc6 6. Bg5 e6 7. Qd2 a6 8. 0-0-0 h6 9. Bf4 Bd7 10. Nxc6 Bxc6 11. f3 e5 12. Be3 b5 13. Kb1 Be7 14. h4 Qc7 15. g4 Rd8 16. Nd5 Nxd5 17. exd5 Bd7 18. Bd3 Rc8 19. h5 Qd8 20. Qf2 Bg5 21. f4 exf4 22. Bxf4 0-0 23. Bxd6 Bxg4 24. Bxf8 Bxd1 25. Rxd1 Kxf8 26. Bf5 Rc6 27. Bg4 1/2-1/2

[Event "ISR-ch"]
[Site "Acre"]
[Date "2013.04.09"]
[Round "4"]
[White "Raznikov, Danny"]
[Black "Svoisky, Daniel"]
[Result "1-0"]
[WhiteElo "2488"]
[BlackElo "2227"]
[PlyCount "101"]
[EventDate "2013.04.06"]
[EventType "swiss"]
[EventRounds "9"]
[EventCountry "ISR"]
[SourceTitle "CBM 153 Extra"]
[Source "ChessBase"]
[SourceDate "2013.04.22"]
[SourceVersion "1"]
[SourceVersionDate "2013.04.22"]
[SourceQuality "1"]

1. d4 Nf6 2. c4 e5 3. dxe5 Ng4 4. e3 Nxe5 5. Nh3 Bb4+ 6. Bd2 Bxd2+ 7. Qxd2 d6 8. Nf4 Na6 9. Nc3 0-0 10. Be2 Nc5 11. 0-0 Bf5 12. f3 a5 13. Rad1 Qh4 14. g3 Qd8 15. Kh1 a4 16. e4 Bd7 17. Nfd5 f5 18. f4 Ng6 19. Bf3 Re8 20. Rfe1 fxe4 21. Nxe4 Nxe4 22. Rxe4 Rxe4 23. Bxe4 Bg4 24. Re1 Qd7 25. Ne3 Re8 26. Nxg4 Qxg4 27. Bxb7 Rxe1+ 28. Qxe1 h5 29. Bd5+ Kh7 30. Qf1 h4 31. Qf3 Qxf3+ 32. Bxf3 hxg3 33. hxg3 Ne7 34. Kg2 Kg6 35. Be4+ Kf6 36. Kf3 Nc8 37. Ke3 Nb6 38. Kd4 c5+ 39. Kc3 Ke6 40. b3 axb3 41. Kxb3 Kd7 42. g4 Kc7 43. g5 Nd7 44. f5 Nf8 45. Bd5 Nh7 46. f6 g6 47. f7 Nf8 48. Kc3 Kd8 49. a4 Nd7 50. a5 Kc7 51. Kb3 1-0